Teacher liability in school-shop accidents.

Bibliographic Details
Main Author: Kigin, Denis J. (Denis John), 1923-
Format: Book
Language:English
Published: Ann Arbor, Mich. : Prakken Publications, [1963]
Subjects:

MARC

Tag First Indicator Second Indicator Subfields
LEADER 00000cam a2200000 4500
001 in00000201721
005 20151009064744.0
008 741106s1963 miua b 00000 eng
010 |a  62021918  
035 |a (OCoLC)01068021 
035 |9 AAY2766AM 
040 |c HEI  |d TXA  |d UtOrBLW 
049 |a TXAM  |c [354874] 
082 0 |a 371.1 
090 |a KF1310.Z9  |b .K48 
100 1 |a Kigin, Denis J.  |q (Denis John),  |d 1923- 
245 1 0 |a Teacher liability in school-shop accidents. 
264 1 |a Ann Arbor, Mich. :  |b Prakken Publications,  |c [1963] 
300 |a xii, 128 pages :  |b illustrations ;  |c 23 cm. 
336 |a text  |b txt  |2 rdacontent 
337 |a unmediated  |b n  |2 rdamedia 
338 |a volume  |b nc  |2 rdacarrier 
504 |a Includes bibliography. 
650 0 |a Liability for school accidents  |z United States. 
999 |a MARS 
999 f f |s c31b124a-1063-38f1-916f-3db5f583cb98  |i 77de26dd-6eaa-3f24-8dee-fdf5131fb0ba  |t 0 
952 f f |p ric  |a Texas A&M University  |b Rellis Campus  |c Joint Library Facility  |d Remote Storage  |t 0  |e KF1310.Z9 .K48  |h Library of Congress classification  |i unmediated -- volume  |m A14803167840 
998 f f |a KF1310.Z9 .K48  |t 0  |l Remote Storage